UM Logo

City of ashes / (Record no. 10761)

MARC details
000 -LEADER
fixed length control field 01429cam a2200337 a 4500
001 - CONTROL NUMBER
control field 15474494
003 - CONTROL NUMBER IDENTIFIER
control field OSt
005 - DATE AND TIME OF LATEST TRANSACTION
control field 20180919143544.0
008 - FIXED-LENGTH DATA ELEMENTS--GENERAL INFORMATION
fixed length control field 081002s2009 nyu d 000 1 eng
010 ## - LIBRARY OF CONGRESS CONTROL NUMBER
LC control number 2008039065
020 ## - INTERNATIONAL STANDARD BOOK NUMBER
International Standard Book Number 978-1-4063-0763-4
040 ## - CATALOGING SOURCE
Original cataloging agency DLC
Transcribing agency DLC
042 ## - AUTHENTICATION CODE
Authentication code lcac
050 00 - LIBRARY OF CONGRESS CALL NUMBER
Classification number PZ7.C5265
Item number Ckg 2009
082 00 - DEWEY DECIMAL CLASSIFICATION NUMBER
Classification number DFic
Edition number 2015
Item number C541
100 1# - MAIN ENTRY--PERSONAL NAME
Personal name Clare, Cassandra.
9 (RLIN) 31341
245 10 - TITLE STATEMENT
Title City of ashes /
Statement of responsibility, etc. Cassandra Clare.
260 ## - PUBLICATION, DISTRIBUTION, ETC. (IMPRINT)
Place of publication, distribution, etc. New York :
Name of publisher, distributor, etc. Walker Books,
Date of publication, distribution, etc. ©2015.
300 ## - PHYSICAL DESCRIPTION
Extent 415 pages ;
Dimensions 20 cm.
365 ## - TRADE PRICE
Price amount 650.00
Currency code Php
440 ## - SERIES STATEMENT/ADDED ENTRY--TITLE
Title Shadow Hunters
9 (RLIN) 31352
520 ## - SUMMARY, ETC.
Summary, etc. Still pursuing a cure for her mother's enchantment, Clary uses all her powers and ingenuity to get into Idris, the forbidden country of the secretive Shadowhunters, and to its capital, the City of Glass, where with the help of a newfound friend, Sebastian, she uncovers important truths about her family's past that will not only help save her mother but all those that she holds most dear.
650 #1 - SUBJECT ADDED ENTRY--TOPICAL TERM
Topical term or geographic name as entry element Supernatural
Form subdivision Fiction.
9 (RLIN) 31354
650 #1 - SUBJECT ADDED ENTRY--TOPICAL TERM
Topical term or geographic name as entry element Demonology
Form subdivision Fiction.
9 (RLIN) 31355
650 #1 - SUBJECT ADDED ENTRY--TOPICAL TERM
Topical term or geographic name as entry element Magic
Form subdivision Fiction.
9 (RLIN) 31356
650 #1 - SUBJECT ADDED ENTRY--TOPICAL TERM
Topical term or geographic name as entry element Vampires
Form subdivision Fiction.
9 (RLIN) 31357
651 #1 - SUBJECT ADDED ENTRY--GEOGRAPHIC NAME
Geographic name New York (N.Y.)
Form subdivision Fiction.
9 (RLIN) 31358
906 ## - LOCAL DATA ELEMENT F, LDF (RLIN)
a 7
b cbc
c orignew
d 1
e ecip
f 20
g y-gencatlg
942 ## - ADDED ENTRY ELEMENTS (KOHA)
Source of classification or shelving scheme Dewey Decimal Classification
Koha item type Fiction
Holdings
Withdrawn status Lost status Source of classification or shelving scheme Damaged status Not for loan Collection code Home library Current library Shelving location Date acquired Source of acquisition Cost, normal purchase price Total Checkouts Full call number Barcode Date last seen Date last checked out Copy number Price effective from Koha item type
    Dewey Decimal Classification     Fiction UM Digos College - LIC UM Digos College - LIC Book Cart 08/16/2018 Purchased 650.00 10 DFic C541 2015 25113 04/28/2025 04/23/2025 1 09/19/2018 Fiction